000 01324nam2a22003851 4500
001 v19\rc\1605102
005 20250618202117.0
035 _a(NLR Aleph) 004692533
090 _a3954567
_c3954567
100 _a20061002d1899 |||y0rusy50 ca
101 1 _arus
_ceng
102 _aRU
105 _ay z |||a|
200 1 _aАббат
_eРоман
_fПер. ***
210 _d1899
_aБ. м.
215 _a393 с.
225 1 _a...
_vТ. 192
461 0 _1001v19\rc\1605084
_12001#$aСобрание сочинений Вальтер Скотта$vТ. 18
_1700#1$3RU\NLR\AUTH\772398$7ca$aСкотт$bВ.$f1771-1832$gВальтер
_95469700
_aСкотт, В. (1771-1832)
_cСанкт-Петербург
_d1896-1899
_nГ.Ф. Пантелеев
_oТ. 1-18
_p18 т.
_tСобрание сочинений Вальтер Скотта
_vТ. 18
702 0 _a***
_4730
801 0 _aRU
_bNLR
_gpsbo
801 0 _aRU
_bRuMoRGB
_2psbo
801 1 _aRU
_bProSoft-M
_2rusmarc
852 _aNLR
_j18.240.7.3(18)
852 _aNLR
_j130/8214(18)
899 _aRuMoRGB
_jA 212/692
899 _aRuMoRGB
_jH 7/164
899 _aRuMoRGB
_jРб 10/2635
899 _aRuMoRGB
_jРб 10/2634
899 _aRuMoRGB
_jD 36/612
899 _aБАН
899 _aНБ СПбГУ
899 _aГПИБ
942 _cBOOK
980 _aNB